000
00342nam a2200145Ia 4500
008
230718s9999 xx 000 0 und d
041
_a
Eng.
082
_a
394.73
_b
UNI-J
100
_a
University of Oregon
245
0
_a
Jousnal of envirmaentl
260
_a
Pakistan
_b
Asia Law House
_c
2013
300
_a
150
650
_a
Law
999
_c
29971
_d
29971